| 000 | 01601nam a2200397 a 4500 | ||
|---|---|---|---|
| 001 | ebr5001717 | ||
| 003 | CaPaEBR | ||
| 006 | m u | ||
| 007 | cr cn||||||||| | ||
| 008 | 010604s2000 enk sb 001 0 eng | ||
| 015 | _aGB99-V9727 | ||
| 016 | 7 |
_a0333792939 _2Uk |
|
| 020 | _z0333792939(pbk.) | ||
| 040 |
_aCaPaEBR _cCaPaEBR |
||
| 035 | _a(OCoLC)70769172 | ||
| 050 | 1 | 4 |
_aHG3894 _b.S57 2000eb |
| 082 | 0 | 4 |
_a332.494 _221 |
| 245 | 0 | 4 |
_aThe single European currency in national perspective _h[electronic resource] : _ba community in crisis? / _cedited by Bernard H. Moss and Jonathan Michie. |
| 250 | _a[New ed.]. | ||
| 260 |
_aBasingstoke : _bMacmillan, _c2000. |
||
| 300 | _ax, 219 p. | ||
| 500 | _aPrevious ed.: i.e. 1st ed., 1998 - This ed. reprinted with alterations. | ||
| 504 | _aIncludes bibliographical references and index. | ||
| 533 |
_aElectronic reproduction. _bPalo Alto, Calif. : _cebrary, _d2013. _nAvailable via World Wide Web. _nAccess may be limited to ebrary affiliated libraries. |
||
| 610 | 2 | 0 | _aEuropean Union. |
| 650 | 0 |
_aMonetary unions _zEuropean Union countries. |
|
| 650 | 0 |
_aMonetary policy _zEuropean Union countries. |
|
| 650 | 0 | _aEuropean currency unit. | |
| 651 | 0 |
_aEuropean Union countries _xEconomic integration. |
|
| 651 | 0 |
_aEuropean Union countries _xEconomic policy. |
|
| 655 | 7 |
_aElectronic books. _2local |
|
| 700 | 1 | _aMoss, Bernard H. | |
| 700 | 1 | _aMichie, Jonathan. | |
| 710 | 2 | _aebrary, Inc. | |
| 856 | 4 | 0 |
_uhttp://site.ebrary.com/lib/rucke/Doc?id=5001717 _zAn electronic book accessible through the World Wide Web; click to view |
| 999 |
_c16316 _d16316 |
||